Numerical methods for engineers (Record no. 64048)

000 -LEADER
fixed length control field 00588nam a22002177a 4500
003 - CONTROL NUMBER IDENTIFIER
control field NUST-PNEC
005 - DATE AND TIME OF LATEST TRANSACTION
control field 20170116180832.0
008 - FIXED-LENGTH DATA ELEMENTS--GENERAL INFORMATION
fixed length control field 140527b xxu||||| |||| 00| 0 eng d
020 ## - INTERNATIONAL STANDARD BOOK NUMBER
International Standard Book Number 9780070634169
020 ## - INTERNATIONAL STANDARD BOOK NUMBER
International Standard Book Number 0070634165
040 ## - CATALOGING SOURCE
Transcribing agency LIBRARY
082 ## - DEWEY DECIMAL CLASSIFICATION NUMBER
Classification number 519.4024 CHA
100 ## - MAIN ENTRY--PERSONAL NAME
9 (RLIN) 64
Personal name Chapra, Steven C.
245 ## - TITLE STATEMENT
Title Numerical methods for engineers
Statement of responsibility, etc. Steven C. Chapra
250 ## - EDITION STATEMENT
Edition statement 5th ed.
260 ## - PUBLICATION, DISTRIBUTION, ETC.
Place of publication, distribution, etc. New Dehli
Name of publisher, distributor, etc. McGraw-Hill
Date of publication, distribution, etc. c.2007
300 ## - PHYSICAL DESCRIPTION
Extent 773 p. :
Other physical details ill. :
Dimensions 25 cm.
648 ## - SUBJECT ADDED ENTRY--CHRONOLOGICAL TERM
9 (RLIN) 4682
Chronological term Numerical calculation, data processing
650 ## - SUBJECT ADDED ENTRY--TOPICAL TERM
General subdivision ME
942 ## - ADDED ENTRY ELEMENTS (KOHA)
Source of classification or shelving scheme
Koha item type Book
Holdings
Withdrawn status Lost status Source of classification or shelving scheme Damaged status Not for loan Permanent Location Current Location Shelving location Date acquired Total Checkouts Full call number Barcode Date last seen Price effective from Koha item type Date last checked out
          Pakistan Navy Engineering College (PNEC) Pakistan Navy Engineering College (PNEC)       519.4024 CHA PNECLIB-030497 08/01/2015   Book  
          Pakistan Navy Engineering College (PNEC) Pakistan Navy Engineering College (PNEC)     1 519.4024 CHA PNECLIB-030371 08/22/2016   Book 08/16/2016
          Pakistan Navy Engineering College (PNEC) Pakistan Navy Engineering College (PNEC)       519.4024 CHA PNECLIB-030372 08/01/2015   Book  
© 2023 Central Library, National University of Sciences and Technology. All Rights Reserved.